000 00705nam a2200205Ii 4500
003 JO-AjNU
008 230605s9999||||xx |||||||||||||| ||und||
017 _a2011/5/1992
040 _aJO-AjNU
_bara
_erda
_cJO-AjNU
041 _aara
050 1 4 _aHB71.G67.2011
100 3 _aغرفة تجارة عمان,
_eauthor
_940796
245 0 0 _aمجموعة دراسات اقتصادية للعام2011
264 3 1 _aعمان:غرفة تجارة عمان،2011
300 _a164ص
336 _atext
_btxt
_2rdacontent
337 _aunmediated
_bn
_2rdamedia
338 _avolume
_bnc
_2rdacarrier
650 4 _aالأردن - أحوال اقتصادية -غرفة تجارة عمان (الأردن) 
_940797
999 _aA17342
_c20910
_d20910